000
00320nam a22001337a 4500
008
171012b xxu||||| |||| 00| 0 eng d
020
_a
9780697244550
041
_a
eng
080
_a
316
100
_a
50
101
_a
SOC
245
_a
SOCIAL PROBLEMS AND THE QUALITY OF LIFE
_c
LAUER.R.H
942
_2
udc
_c
BK
999
_c
33503
_d
33503